000
00285nam a2200109Ia 4500
008
220204s9999 xx 000 0 und d
082
_a
658.85
_b
ABD
100
_a
Abdul Aziz, T
245
0
_a
Salesman and receptionist
260
_a
Trivandrum
_b
State Inst of Languages
_c
1974
942
_c
BK
999
_c
22837
_d
22837